000 00335 a2200157 4500
001 63873
020 _a857110834X (broch.)
040 _cAnchieta - Pituba
100 _aWhitrow, G. J.
240 1 0 _aO que é tempo?
_lpor
245 1 0 _aO que é tempo?
300 _a207p.
362 0 _a2005
650 4 _aCronologia
942 _cBK
999 _c63873
_d63873